| 000 | 00636nam a22001817a 4500 | ||
|---|---|---|---|
| 005 | 20251108164908.0 | ||
| 008 | 250721s9999 xx 000 0 ara d | ||
| 082 | 1 | 4 | _a373.24609565/عيس |
| 100 | 1 | _aالجراجرة، عيسى حسن | |
| 245 | 1 | 0 |
_aالتعليم و التدريب المهني في الأردن : _bواقعه و تطلعاته المستقبلية / |
| 264 | 1 |
_aعمان : _c[19-]. |
|
| 300 | _a248ص | ||
| 490 | 0 | _aكتاب مستل من مجلة رسالة الخليج العربي ع 17 ، 1986 | |
| 650 | 1 | 7 | _aالتعليم المهني |
| 650 | 1 | 7 | _aالأردن |
| 942 |
_2ddc _cBK |
||
| 999 |
_c16906 _d16906 |
||